Từ điển Việt - Hàn /

Na minha lista:
Detalhes bibliográficos
Autor principal: Cho Jae Hyun.
Formato: Sách giấy
Idioma:Vietnamese
Publicado em: Seoul : Đại học Ngoại ngữ, 2000.
Assuntos:
Tags: Adicionar Tag
Sem tags, seja o primeiro a adicionar uma tag!
Thư viện lưu trữ: Thư viện Trường Đại học Đà Lạt
LEADER 00768nam a2200301 4500
001 DLU120136662
005 ##20120618
040 # # |a DLU  |b vie 
041 # # |a vie 
044 # # |a vn 
082 # # |a 495.922 395 7  |b CH-H 
100 # # |a Cho Jae Hyun. 
245 # # |a Từ điển Việt - Hàn /  |c Cho Jae Hyun. 
260 # # |a Seoul :  |b Đại học Ngoại ngữ,  |c 2000. 
300 # # |a 1925 p. ;  |c 19 cm. 
650 # # |a Tiếng Hàn Quốc  |v Từ điển  |x Tiếng Việt. 
650 # # |a Tiếng Việt  |v Từ điển  |x Tiếng Hàn Quốc. 
923 # # |a 01/2012DP 
992 # # |a 0 
994 # # |a KDP 
998 # # |a TK 
900 # # |a True 
911 # # |a Đào Thị Thu Huyền 
925 # # |a G 
926 # # |a A 
927 # # |a SH 
980 # # |a Thư viện Trường Đại học Đà Lạt